Agents of European overseas empires: (Record no. 1464389)

MARC details
000 -LEADER
fixed length control field 00852 a2200253 4500
005 - DATE AND TIME OF LATEST TRANSACTION
control field 20260102163648.0
008 - FIXED-LENGTH DATA ELEMENTS--GENERAL INFORMATION
fixed length control field 260102b |||||||| |||| 00| 0 eng d
020 ## - INTERNATIONAL STANDARD BOOK NUMBER
International Standard Book Number 978-1-5261-6733-0
037 ## - SOURCE OF ACQUISITION
Terms of availability TB
040 ## - CATALOGING SOURCE
Original cataloging agency CRL
Transcribing agency CRL
084 ## - COLON CLASSIFICATION NUMBER
Classification number O111:g(V:17) R4
Assigning agency CRL
100 ## - MAIN ENTRY--PERSONAL NAME
Personal name Delahaye, Agnes
9 (RLIN) 847087
245 ## - TITLE STATEMENT
Title Agents of European overseas empires:
Remainder of title private colonisers, 1450-1800
260 ## - PUBLICATION, DISTRIBUTION, ETC.
Name of publisher, distributor, etc. Manchester University Press
Date of publication, distribution, etc. 2024
300 ## - PHYSICAL DESCRIPTION
Extent 262p.
365 ## - TRADE PRICE
Price amount 90.00
Currency code UKP
650 ## - SUBJECT ADDED ENTRY--TOPICAL TERM
Source of heading or term English Literature
650 ## - SUBJECT ADDED ENTRY--TOPICAL TERM
Source of heading or term colonises
700 ## - ADDED ENTRY--PERSONAL NAME
Personal name Elodie Peyrol-Kleiber
Relator term Editor
9 (RLIN) 861569
700 ## - ADDED ENTRY--PERSONAL NAME
Personal name Roper L.H.
Relator term Editor
9 (RLIN) 861570
700 ## - ADDED ENTRY--PERSONAL NAME
Personal name Ruymbeke Van
Relator term Editor
9 (RLIN) 861571
942 ## - ADDED ENTRY ELEMENTS (KOHA)
Koha item type Textbook
Source of classification or shelving scheme Colon Classification (CC)
Suppress in OPAC No
Classification part O111:g(V:17) R4
Holdings
Withdrawn status Lost status Source of classification or shelving scheme Damaged status Not for loan Home library Current library Date acquired Source of acquisition Cost, normal purchase price Inventory number Total Checkouts Full call number Barcode Date last seen Cost, replacement price Price effective from Koha item type
    Colon Classification (CC)   Not For Loan Central Library Central Library 2026-01-02 29 Excel media 8695.44 6536 & 2025-12-11   O111:g(V:17) R4 CL1924763 2025-12-15 10869.30 2025-12-15 Textbook
Copyright @ Delhi University Library System